| 000 | 00668nam a22001817a 4500 | ||
|---|---|---|---|
| 003 | CEME | ||
| 005 | 20210628203002.0 | ||
| 008 | 210415b xxu||||| |||| 00| 0 eng d | ||
| 020 | _a0-08-036097-8 | ||
| 040 | _c. | ||
| 082 | _a672.2 PRO'J | ||
| 100 |
_aPugh, R. W , Jonas, J. J ,Yue, S _962722 |
||
| 245 | _aProceedings of the international symposium on direct rolling and hot charging of strand cast billets | ||
| 260 |
_aNEWYORK _bPERGMAN _c1989 |
||
| 300 | _a272P | ||
| 650 |
_aCASTING PRACTICE AND BILLET QUALITY TEMPRATURE EQUALIZATION METHDS AND EQUIPMENT SURFACE QUALITY AND SENSORS FOR SURFACE QUALITY AND HCR AND DR PROCESSING _962723 |
||
| 942 |
_cBK _2ddc |
||
| 999 |
_c571741 _d571741 |
||